Дело по предписанию господина директора о принятии к цирку в статисты и увольнении Франсуа Деламор и по седельной части отставно...

Доступно только в Электронных читальных залах Найти на картеНа карте
RUSMARC
00003813nmc2a22000003x 450
00157ba4f5e-38ac-470f-a394-7b808067c9a6
00520181225203649.0
100##$a20170703l18471848k l0rusy0189 ca
1010#$arus
102##$aRU
2001#$aДело по предписанию господина директора о принятии к цирку в статисты и увольнении Франсуа Деламор и по седельной части отставного рядового Антипа Сухорукова
$j27 октября 1847 г. - 20 января 1848 г.
251##$cДело
300##$aПо Санкт-Петербургской дирекции за 1847 год
300##$aДело
801#0$aRU
$bРГИА
$c20170703
$gRCR
801#1$aRU
$bГлавНИВЦ
$c20170703
$2rusmarc
801#2$aRU
$bПБ им. Б.Н. Ельцина
$c20181225
$gRCR
$2rusmarc
850##$aРГИА
852##$aРГИА
$eФедеральное казенное учреждение "Российский государственный исторический архив" (РГИА)
$j11239
937##$hРГИА
$d12245741
$aASBIBLIO_SCAN
462#0$1001dd3991dc-24e1-42ec-8838-ca4255420416
$12001
$a1746-1850 гг.
$1251
$cОпись
$1852
$j1
461#0$10019264ebf8-de62-4f1a-9eb4-9f22098dbbd5
$12001
$aДирекция императорских театров МИДв
$1251
$cФонд
$1852
$j497
215##$a12 л.
$d36,5х26 см
371##$aДокумент не является опубликованным и широко распространяемым
105##$ay###
1222#$ad
035##$a57ba4f5e-38ac-470f-a394-7b808067c9a6
856##$uhttp://readingroom.main.prlib.ru/item.aspx?id_node=n122369722&mode=full
Формат отображения